Ảnh hưởng của chất điều hòa sinh trưởng thực vật xử lý tiền thu hoạch đến sự đậu trái, năng suất và phẩm chất của xoài Châu Nghệ (Mangifera indica L.) : Luận văn tốt nghiệp cao học. Ngành Trồng trọt
Nội dung đề tài là nghiên cứu tìm ra chất điều hòa sinh trưởng thực vật có thể làm tăng khả năng đậu trái, tăng năng suất và phẩm chất của xoài Châu Nghệ.
Gorde:
| Egile nagusia: | |
|---|---|
| Formatua: | Liburua |
| Hizkuntza: | Undetermined |
| Argitaratua: |
Cần Thơ
Trường Đại học Cần Thơ
2009
|
| Gaiak: | |
| Etiketak: |
Etiketa erantsi
Etiketarik gabe, Izan zaitez lehena erregistro honi etiketa jartzen!
|
| Thư viện lưu trữ: | Trung tâm Học liệu Trường Đại học Cần Thơ |
|---|
| LEADER | 01201nam a2200229Ia 4500 | ||
|---|---|---|---|
| 001 | CTU_152194 | ||
| 008 | 210402s9999 xx 000 0 und d | ||
| 082 | |a 634.44 | ||
| 082 | |b Tr506 | ||
| 088 | |a 606201 | ||
| 100 | |a Phan, Thanh Trúc | ||
| 245 | 0 | |a Ảnh hưởng của chất điều hòa sinh trưởng thực vật xử lý tiền thu hoạch đến sự đậu trái, năng suất và phẩm chất của xoài Châu Nghệ (Mangifera indica L.) : | |
| 245 | 0 | |b Luận văn tốt nghiệp cao học. Ngành Trồng trọt | |
| 245 | 0 | |c Phan Thanh Trúc; Trần Thị Kim Ba, Nguyễn Bảo Vệ (cán bộ hướng dẫn) | |
| 260 | |a Cần Thơ | ||
| 260 | |b Trường Đại học Cần Thơ | ||
| 260 | |c 2009 | ||
| 520 | |a Nội dung đề tài là nghiên cứu tìm ra chất điều hòa sinh trưởng thực vật có thể làm tăng khả năng đậu trái, tăng năng suất và phẩm chất của xoài Châu Nghệ. | ||
| 650 | |a Mango | ||
| 650 | |x Cây xoài | ||
| 904 | |i Năm, Ái | ||
| 980 | |a Trung tâm Học liệu Trường Đại học Cần Thơ | ||